Statistics for Languages: Countries from Finnish to English

Click here to take the quiz!

General Stats

  • This quiz has been taken 154 times
  • The average score is 19 of 22

Answer Stats

Country in FinnishAnd in English% Correct
ItaliaItaly
99%
NorjaNorway
99%
EspanjaSpain
99%
SuomiFinland
97%
Etelä-AfrikkaSouth Africa
96%
Yhdistynyt kuningaskuntaUnited Kingdom
96%
LiettuaLithuania
95%
RuotsiSweden
95%
KiinaChina
94%
KuubaCuba
94%
VenäjäRussia
93%
SaksaGermany
91%
YhdysvallatUnited States
89%
UnkariHungary
87%
TanskaDenmark
85%
SveitsiSwitzerland
80%
Valko-VenäjäBelarus
79%
TsekkiCzech Republic
77%
ViroEstonia
75%
AlankomaatNetherlands
71%
ItävaltaAustria
61%
NorsunluurannikkoCôte d'Ivoire
42%

Score Distribution

Percentile by Number Answered

Percent of People with Each Score

Your Score History

You have not taken this quiz